00823nam a2200265 i 4500003000400000005001700004008004100021020001500062040002300077041000800100050002100108100001000129245003100139250001800170336002200188337002400210338002400234520012900258650004700387650003600434650002500470650003000495942001500525999001700540OSt20260530113918.0260508b1996 xxua|||| |||| 00| 0 eng d a9728127316 aICIbspacICIerda aeng aHM751b.V46 1996 eautor aVenha mergulhar no futuro. a1a edición. 2rdacontentatexto 2rdamediaasin medio 2rdacarrieravolumen aLibro que presenta análisis y proyecciones sobre el futuro, explorando tendencias tecnológicas, sociales y económicas. aFuturo (Predicción y prospectiva)934321 aDesarrollo tecnológico934322 aCambio social922757 aSociedad y ciencia934323 2lcccBKn1 c12351d12351